Dates - La Seconde Guerre mondiale - Statistiques

Statistiques générales
  • Ce quiz a été pris 1 570 fois
    1 566 depuis la dernière actualisation
  • Le résultat moyen est 8 sur 39
Statistiques - réponses
Evènement Précision Date % Correct
Invasion de la Pologne par l'Allemagne (couloir de Dantzig) Jour, mois et année 1er septembre 1939
91%
Déclarations de guerre de la France et de la Grande-Bretagne à l'Allemagne Jour, mois et année 3 septembre 1939
56%
Débarquement de Normandie (opération Overlord) Jour, mois et année 6 juin 1944
47%
Envoi d'un ultimatum par la France et la Grande-Bretagne à l'Allemagne, au nom de la SDN Jour, mois et année 2 septembre 1939
44%
Attaque japonaise de la base américaine de Pearl Harbor Jour, mois et année 7 décembre 1941
42%
Bombardement d'Hiroshima par les Etats-Unis Jour, mois et année 6 août 1945
41%
Bombardement de Nagasaki par les Etats-Unis Jour, mois et année 9 août 1945
41%
Appel du Général de Gaulle aux français sur les ondes de la BBC Jour, mois et année 18 juin 1940
36%
Armistices signés avec l'Allemagne Nazie Jours, mois et année 7 et 8 mai 1945
36%
Capitulation du Japon Jour, mois et année 2 septembre 1945
34%
Entrée en guerre des Etats-Unis Jour, mois et année 9 décembre 1941
30%
Signature de l'armistice franco-allemand (forêt de Compiègne, clairière de Rethondes) Jour, mois et année 22 juin 1940
28%
Invasion de l'URSS par l'Allemagne (opération Barbarossa) Jours, mois et année 22 juin 1941
24%
Libération de Paris Jour, mois et année 25 août 1944
24%
"Drôle de guerre" Mois et années Octobre 1939-mai 1940
21%
Mise en place du STO, de nombreux jeunes montent au maquis Année 1943
19%
Invasion des Pays-Bas bas (puis de la Belgique et de la France) par l'Allemagne Jour, mois et année 10 mai 1940
17%
Proposition d'une armistice avec l'Allemagne par le Maréchal Pétain, alors devenu Président du Conseil Jour, mois et année 17 juin 1940
15%
Capitulation de la Pologne Jour, mois et année 23 septembre 1939
15%
Nouvel appel du Général de Gaulle, cette fois-ci enregistré Jour, mois et année 20 juin 1940
14%
Rafle du Vel d'Hiv Jours, mois et année 16 et 17 juillet 1942
13%
Débarquement à Toulon Jour, mois et année 15 août 1944
12%
Débarquement en Sicile Mois et année Juillet 1943
11%
Victoire soviétique mettant fin à la bataille de Stalingrad Jour, mois et année 2 février 1943
10%
Débarquement au Maroc et en Algérie Mois et année Novembre 1942
10%
Pleins pouvoirs accordés au Maréchal Pétain Jour, mois et année 10 juillet 1940
9%
Reconnaissance de la mémoire juive en France, grâce à Simone Veil notamment Années Années 1990
9%
Bataille d'El Alamein (victoire britannique) Mois et année Octobre 1942
7%
Entrevue de Montoire dite de la poignée de main Jour, mois et année 24 octobre 1940
6%
Début de la bataille de Midway Jour, mois et année 4 juin 1942
5%
Modifications de la Constitution et proclamation de l'Etat Français Jours, mois et année 11-12 juillet 1940
4%
Rencontre des troupes américaines et soviétiques à Torgau, sur l'Elbe Jour, mois et année 25 avril 1945
4%
Première loi sur le statut des Juifs en France Jour, mois et année 3 octobre 1940
3%
Invasion de l'Indochine (Cochinchine et Annam) par le Japon Mois et année Juillet 1941
3%
Opération Bagration Jours, mois et année 22 juin-19 août 1944
2%
Vote du Victory Program par le Parlement Américain Jour, mois et année 6 janvier 1942
2%
Création du Commissariat aux affaires juives Jour, mois et année 29 mars 1941
1%
Port de l'étoile jaune rendu obligatoire pour les Juifs en France Jour, mois et année 7 juin 1942
1%
Procès de Riom Mois et année Février-avril 1942
1%
Aucun quiz correspondant
Distribution des résultats
% des personnes avec chaque résultat
Percentile par nombre de réponses
Votre historique - résultats
Vous n’avez pas pris ce quiz depuis la dernière actualisation